<?xml version="1.0" encoding="UTF-8"?>
<collection xmlns:xsi="http://www.w3.org/2001/XMLSchema-instance" xsi:schemaLocation="http://www.loc.gov/MARC21/slim http://www.loc.gov/standards/marcxml/schema/MARC21slim.xsd" xmlns="http://www.loc.gov/MARC21/slim">
 <record>
  <leader>00000cja a22000003a 4500</leader>
  <controlfield tag="001">UP-99796217612120823</controlfield>
  <controlfield tag="003">Buklod</controlfield>
  <controlfield tag="005">20160617112506.0</controlfield>
  <controlfield tag="006">a     r    |||| u|</controlfield>
  <controlfield tag="007">ta</controlfield>
  <controlfield tag="008">160617s1949    xx     d|||||||||||||| | </controlfield>
  <datafield tag="035" ind1=" " ind2=" ">
   <subfield code="a">(iLib)UPD-00255307447</subfield>
  </datafield>
  <datafield tag="040" ind1=" " ind2=" ">
   <subfield code="a">DMUE</subfield>
  </datafield>
  <datafield tag="090" ind1=" " ind2=" ">
   <subfield code="a">WORLD LP 0007</subfield>
  </datafield>
  <datafield tag="245" ind1="0" ind2="0">
   <subfield code="a">Music of the Gothic period and the early Renaissance</subfield>
   <subfield code="p">volume</subfield>
   <subfield code="n">2.</subfield>
  </datafield>
  <datafield tag="264" ind1=" " ind2="1">
   <subfield code="a">New York</subfield>
   <subfield code="b">Allegro</subfield>
   <subfield code="c">1949</subfield>
  </datafield>
  <datafield tag="300" ind1=" " ind2=" ">
   <subfield code="a">2 sound discs</subfield>
   <subfield code="b">analog</subfield>
   <subfield code="c">31 cm</subfield>
  </datafield>
  <datafield tag="500" ind1=" " ind2=" ">
   <subfield code="a">Allegro AL 72</subfield>
  </datafield>
  <datafield tag="500" ind1=" " ind2=" ">
   <subfield code="a">Program notes on container</subfield>
  </datafield>
  <datafield tag="505" ind1="0" ind2=" ">
   <subfield code="a">Ich sah einmal den Morgenstern ; Ich bin erfreut aus rotem Mund / Glogau Songbook -- Hélas, que denera ; Der Hundt (version 2) / Isaak -- Peasant dance ; Ein Laeppisch Mann ; Two Italian court dances ; Portugese dance ; Todo me casa ; Pasa el aqua ; Ya cantan los gallos ; En trinitatis / Anonymous -- The three peasants / Egenolf Songbook -- Chanson: Pourrai j'avoir ; Rondeau: Craindre vous vueil ; Chanson: Je ne vis oncques / Dufay -- Frottola: Non e tempo d'aspettare / Cara -- No so yo quien la descubre / Gabriel -- Spanish dance / de la Torre -- Amor con fortuna / del Encina -- Io son un pellegrino / da Firenze -- Compositione for three instruments / di Bologna -- Madrigal: El mi dolce sospir / Landino -- Three three-voiced pieces / Obrecht</subfield>
  </datafield>
  <datafield tag="650" ind1="1" ind2="7">
   <subfield code="a">Songs (Medium voice) with instrumental ensemble.</subfield>
  </datafield>
  <datafield tag="650" ind1="1" ind2="7">
   <subfield code="a">Madrigals.</subfield>
  </datafield>
  <datafield tag="650" ind1="1" ind2="7">
   <subfield code="a">Frottolas (Music)</subfield>
  </datafield>
  <datafield tag="905" ind1=" " ind2=" ">
   <subfield code="a">FO</subfield>
  </datafield>
  <datafield tag="852" ind1="0" ind2=" ">
   <subfield code="a">UPD</subfield>
   <subfield code="b">DMUE</subfield>
   <subfield code="h">WORLD LP 0007</subfield>
  </datafield>
  <datafield tag="942" ind1=" " ind2=" ">
   <subfield code="a">Music</subfield>
  </datafield>
 </record>
</collection>
